Language Quiz

Random Language or Letter Quiz

A-Z with Q Quiz Stats

Quiz Updated Jan 20, 2012

Challenge
Share
Tweet
Embed
Score 0/26 Timer 08:00
0 Plays Today
Clue Q-word % Correct
A bunch of flowersbouquet
91.7%
Blood-sucking insectmosquito
88%
A person from BaghdadIraqi
83.8%
Margarita ingredienttequila
78.5%
A company's administrative center headquarters
77.7%
Being the only oneunique
73.7%
NY-based stock exchangeNASDAQ
73.2%
A giant California treesequoia
63.3%
Pizarro or Cortés, e.g.conquistador
61.3%
A small yellowish citrus fruitkumquat
61.1%
Absurd, ugly or unnaturalgrotesque
58.2%
A water conduitaqueduct
53.9%
A sugary rum cocktaildaiquiri
52.4%
Clue Q-word % Correct
To overcome in battlevanquish
51.4%
It is 440 Hz for middle Afrequency
49.7%
A mass for the deadrequiem
48.3%
Very chattyloquacious
47.7%
Off at an odd angleoblique
44.7%
Gentry rank below knightesquire
40.7%
A person's body formphysique
39.8%
Under-ocean seismic activitywaterquake
22.5%
Cousin of the daffodiljonquil
21.7%
In the style of French novelist ÉmileZolaesque
16.3%
One from the US vis-a-vis Latin AmericaYanqui
14.6%
Occurring every five yearsquinquennial
5.9%
Portuguese jerked beef like charquixarque
3.4%

You're not logged in!

Compare scores with friends on all Sporcle quizzes.
Join for Free
OR
Log In

You Might Also Like...

Show Comments

Extras

Top Quizzes Today


Score Distribution

Your Account Isn't Verified!

In order to create a playlist on Sporcle, you need to verify the email address you used during registration. Go to your Sporcle Settings to finish the process.

Report this User

Report this user for behavior that violates our Community Guidelines.

Details: